000 01005nas a2200361 4500
001 BR0503711
003 BR-BrBNA
005 20231205105516.0
007 ta
008 230509b bl.|||p| |||| 00| 00por d
040 _aBR-BrBNA
_bpor
_cBiblioteca Nacional de Agricultura
041 _a(Pt)
072 _aQ03
100 1 _aCampos, M.L.
100 1 _aSilva, F.N. da
100 1 _aFurtini Neto, A.E.
100 1 _aGuilherme, L.R.G.
100 1 _aMarques, J.J.
100 1 _aAntunes, A.S.
245 1 _aDeterminação de cádmio, cobre, cromo, níquel, chumbo e zinco em fostatos de rocha
650 _aROCHA
650 _aCADMIO
650 _aCOBRE
650 _aCROMO
650 _aCHUMBO
650 _aNÍQUEL
650 _aZINCO
650 _aCADEIA ALIMENTAR
650 _aEXTRAÇÃO
773 0 _tPesquisa Agropecuária Brasileira (Brazil)
_xISSN 0100-204X
_g(Apr 2005), v. 40(4) p. 361-367
_wBR0503711
909 _a202311
_bLúcia
_c55
_dLúcia Elande
942 _2AGRIS
_n0
_cANA
999 _c183331
_d183331